Statistiques concernant Devinez le nom de l'album rap FR avec image

Cliquez ici pour prendre le quiz!

Statistiques générales

  • Ce quiz a été pris 62 fois
  • Le résultat moyen est 13 sur 28

Statistiques - réponses

Réponse% Correct
Deux frères
94%
A7
83%
UMLA
81%
Agartha
79%
Cyborg
77%
Lithopédion
75%
Don dada mixtape
73%
ADC
69%
La fête est finie
67%
Hiver à Paris
63%
ERRR
60%
Adios Bahamas
56%
Jeannine
50%
Stratos
40%
Opéra Puccino
38%
zzccmxtp
38%
Fissure de vie
37%
Bitume caviar
33%
Sélection naturelle
33%
Fame
23%
La nuit sera calme
17%
Sun7
17%
Tant qu'on est là
17%
Fantôme avec chauffeur
12%
Il me ressemble pas non plus
12%
Osito
10%
Radio suicide
10%
Segunda Temporada
10%

Distribution des résultats

Percentile par nombre de réponses

% des personnes avec chaque résultat

Votre développement - résultats

Vous n’avez pas pris ce quiz